000 01027nam a2200301 i 4500
003 DO-SdBNP
005 20250806074034.0
007 ta
008 240628b2024 dr |||| |||| 00| 0 spa d
020 _a9799945603903
040 _aDO-SdBNP
_bspa
_cBNPHU
_erda
082 4 _222
_axxx
_bxxx
245 0 0 _aCátedras de literatura Caribeña :
_bRené del Risco Bermúdez 2018-2023 /
_ccompiladores, Minerva del Risco, Antonio Vidal Ortega
264 1 _aSanto Domingo :
_bPUCMM:
_bCentro de Estudios Caribeños,
_c2024.
300 _a157 páginas ;
_c23 cm.
336 _atexto
_btxt
_2rdacontent
337 _asin mediación
_bn
_2rdamedia
338 _avolumen
_bnc
_2rdacarrier
504 _aBibliografía : páginas 156-157
590 _aInventariado, 2024/BT
650 4 _aConducta (Ética)
650 4 _aÉxito
_9394
650 4 _aSuperación personal
_910825
700 1 _aRisco, Minerva del,
_ecompilador
_4comp.
_919121
700 1 _aVidal Ortega, Antonio,
_ecompilador
_985896
910 _aBtavárez
942 _2ddc
_cLBS1
999 _c57075
_d57075